000 00941nam a2200265 a 4500
001 21335
003 BD-RjUL
005 20211209000655.0
008 140304r19611948pk 000 1 eng d
035 _a(BD-RjUL)21399
040 _aANL
_beng
_cANL
_dNSL:R
_dBD-RjUL
041 _aeng
082 1 4 _a891.43915
_219
_bPER 1961
245 1 0 _aPersian psalms (Zabur - i `Ajam), parts I & II /
_ctranslated into English verse from the Persian of the late Sir Muhammad Iqbal by Arthur J. Arberry.
250 _a1st ed.
260 _aLahore :
_bSh. Muhammad Ashraf,
_c1948 [reprinted 1961]
300 _aviii, 127 p. :
_c22 cm.
500 _aCover title: Persian psalms : Iqbal's Zabur-i-Ajam.
650 0 _aIslamic poetry.
_965961
650 0 _aPoets, Persian
_y20th century.
_965962
650 0 _aPoets, Urdu
_y20th century.
_965963
700 1 _aArberry, A. J.
_q(Arthur John),
_d1905-1969.
_95438
942 _2ddc
_cBK
999 _c21335
_d21335